[Event "Titled Tuesday intern op 7th Januar"]
[Site "Chess.com INT"]
[Date "2020.01.07"]
[Round "2"]
[White "Molchanov, Alexey"]
[Black "Kamsky, Gata"]
[Result "1-0"]
[WhiteElo "2405"]
[BlackElo "2677"]
[PlyCount "115"]
[EventDate "2020.01.07"]
[EventType "swiss (blitz)"]
[EventRounds "10"]
[EventCountry "USA"]
[SourceTitle "EXT 2021"]
[Source "ChessBase"]
[SourceDate "2020.10.23"]
[SourceVersion "1"]
[SourceVersionDate "2020.10.23"]
[SourceQuality "1"]

1. d4 Nf6 2. Nf3 g6 3. g3 Bg7 4. Bg2 0-0 5. 0-0 d6 6. c4 Nc6 7. Nc3 a5 8. Bf4 a4 9. Rc1 a3 10. b3 Nb4 11. Qd2 c6 12. e4 Qa5 13. e5 dxe5 14. Bxe5 Bf5 15. Nh4 Be6 16. f4 Rfd8 17. Qe2 Bg4 18. Bf3 Bxf3 19. Nxf3 Ne8 20. f5 Nd3 21. Qxd3 Bxe5 22. b4 Qc7 23. fxg6 hxg6 24. Rcd1 Bg7 25. Ne4 Nf6 26. Nc5 Qc8 27. Qe2 b6 28. Nd3 Qc7 29. Nde5 Rf8 30. Ng5 Rad8 31. g4 Qc8 32. Ngxf7 Rxf7 33. g5 Rff8 34. Nxg6 Rde8 35. Nxf8 Rxf8 36. gxf6 Bxf6 37. Kh1 Qh3 38. Qg2+ Qxg2+ 39. Kxg2 Rd8 40. d5 cxd5 41. Rxd5 Rc8 42. Rf4 Kf7 43. Re4 Rg8+ 44. Kf2 Rh8 45. Kg2 Rg8+ 46. Kf1 Rh8 47. Rd2 Rh3 48. Rc2 Bb2 49. c5 bxc5 50. bxc5 Rh8 51. c6 Rc8 52. h4 e5 53. h5 Rc7 54. Rb4 Ke6 55. Rb7 Kd6 56. Rxc7 Kxc7 57. Ke2 e4 58. Ke3 1-0

[Event "Titled Tuesday intern op 7th Januar"]
[Site "Chess.com INT"]
[Date "2020.01.07"]
[Round "4"]
[White "Sjugirov, Sanan"]
[Black "Molchanov, Alexey"]
[Result "1/2-1/2"]
[WhiteElo "2674"]
[BlackElo "2405"]
[PlyCount "105"]
[EventDate "2020.01.07"]
[EventType "swiss (blitz)"]
[EventRounds "10"]
[EventCountry "USA"]
[SourceTitle "EXT 2021"]
[Source "ChessBase"]
[SourceDate "2020.10.23"]
[SourceVersion "1"]
[SourceVersionDate "2020.10.23"]
[SourceQuality "1"]

1. d4 d5 2. c4 e6 3. Nf3 Nf6 4. Nc3 Be7 5. Bf4 0-0 6. e3 Nbd7 7. c5 c6 8. Bd3 b6 9. b4 a5 10. a3 Ba6 11. Bxa6 Rxa6 12. 0-0 Qc8 13. h3 Qb7 14. Rb1 axb4 15. axb4 Rfa8 16. b5 Ra5 17. bxc6 Qxc6 18. Ne5 Nxe5 19. Rxb6 Qc8 20. Bxe5 Nd7 21. Rb5 Nxe5 22. dxe5 Rxb5 23. Nxb5 Qxc5 24. Nd4 Qc7 25. f4 Bc5 26. Qd2 Bxd4 27. exd4 g6 28. Qf2 Qc4 29. f5 exf5 30. Qh4 Qc3 31. Kh1 h5 32. Rb1 Ra1 33. Rxa1 Qxa1+ 34. Kh2 Qa5 35. Qf6 Qd2 36. Qd8+ Kg7 37. Qf6+ Kg8 38. Qd8+ Kh7 39. Qxd5 Qf4+ 40. Kh1 Qf1+ 41. Kh2 Qf4+ 42. Kg1 Qe3+ 43. Kf1 Qd3+ 44. Kf2 Qd2+ 45. Kf3 Qd1+ 46. Kg3 h4+ 47. Kh2 Kg7 48. e6 Qe1 49. exf7 Qg3+ 50. Kh1 Qe1+ 51. Kh2 Qg3+ 52. Kh1 Qe1+ 53. Kh2 1/2-1/2